Koterbachy očami môjho detstva VI. časť (Záver)

Bibliographic Details
Main Author: Oravcová-Melterová, Melánia (Author)
Format: Article
Language:Slovak
PhysicalDescription:Fotogr.
Subjects:

MARC

LEADER 00000nab a2200000 ar4500
001 vtls010607073
003 SK-MaSNL
005 20260305040128.0
008 140627c2013 xo mr|p|||||||000 b|slo
038 |a SNSK 
040 |b slo  |c SNSK  |e AACR2 
041 |a slo 
044 |a xo  |c SK 
080 |a 93/94  |x (437.67)  |2 2001 
080 |a (0:82-94)  |2 2001 
100 1 |a Oravcová-Melterová, Melánia  |4 aut  |9 1608662 
245 1 0 |a Koterbachy očami môjho detstva  |n VI. časť (Záver)  |c Oravcová-Melterová, Melánia 
300 |b Fotogr. 
650 0 7 |a dejiny  |2 snsk  |9 3825 
650 0 7 |a spomienky  |2 snsk  |9 55795 
651 7 |a Koterbachy  |z historický názov obce Rudňany  |2 snsk  |9 1608663 
651 7 |a Rudňany (Slovensko)  |2 snsk  |9 55588 
651 7 |a Spišská Nová Ves (Slovensko : okres)  |2 snsk  |9 22259 
773 0 |t Horizont. Kultúrno-spoločenský mesačník obce Rudňany  |g Roč. XX., č. 5 (máj 2013), s. 10-11 
852 |a SNSK  |b KIS3GCP 
999 |c 3336839  |d 3338769